Statistics for Premier League Passing Leaders

Click here to take the quiz!

General Stats

  • This quiz has been taken 33 times
    (12 since last reset)
  • The average score is 5 of 17

Answer Stats

Year#TeamPlayer% Correct
20212,785Man. CityRodri
70%
20203,259LiverpoolVirgil Van Dijk
60%
20072,585ArsenalCesc Fabregas
50%
20162,829ChelseaCesc Fabregas
50%
20082,318ArsenalCesc Fabregas
50%
20152,743ChelseaCesc Fabregas
50%
20222,951Man. CityJoao Cancelo
40%
20193,118ChelseaJorginho
40%
20233,208BrightonLewis Dunk
40%
20142,502Man. CityYaya Toure
40%
20172,459ChelseaCesar Azpilicueta
20%
20132,774Man. UnitedMichael Carrick
20%
20183,116ArsenalGranit Xhaka
10%
20122,594SwanseaAshley Williams
0%
20102,168Birmingham CityBarry Ferguson
0%
20112,330FulhamDanny Murphy
0%
20092,535ArsenalDenilson
0%

Score Distribution

Percentile by Number Answered

Percent of People with Each Score

Your Score History

You have not taken this quiz since the last reset